ओशो पातंजल योग भाग - 2 (Record no. 435478)

MARC details
000 -LEADER
fixed length control field 00494nam a2200145Ia 4500
008 - FIXED-LENGTH DATA ELEMENTS--GENERAL INFORMATION
fixed length control field 100122s9999 xx 000 0 und d
082 ## - DEWEY DECIMAL CLASSIFICATION NUMBER
Item number 60308
Classification number 181.452
100 ## - MAIN ENTRY--PERSONAL NAME
Personal name ओशो
245 ## - TITLE STATEMENT
Title ओशो पातंजल योग भाग - 2
260 ## - PUBLICATION, DISTRIBUTION, ETC. (IMPRINT)
Name of publisher, distributor, etc स्वामी अमृत बोधीधर्म
Date of publication, distribution, etc 1993
300 ## - PHYSICAL DESCRIPTION
Extent 265
630 ## - SUBJECT ADDED ENTRY--UNIFORM TITLE
Uniform title ओशो पातंजल योग भाग - 2
730 ## - ADDED ENTRY--UNIFORM TITLE
Uniform title ओशो पातंजल योग भाग - 2
942 ## - ADDED ENTRY ELEMENTS (KOHA)
Koha item type Book
Holdings
Withdrawn status Lost status Damaged status Not for loan Home library Current library Date acquired Cost, normal purchase price Total Checkouts Full call number Barcode Date last seen Cost, replacement price Price effective from Koha item type Public note
        S.V. Pathak Library, Vile Parle S.V. Pathak Library, Vile Parle 10/30/2001 75.00   60308 SVPPARLE-60308 01/25/2010 75.00 01/25/2010 Book General NA